Ewige Tabelle Eishockey Oberliga - Statistiken

Allgemein
  • Dieses Quiz wurde 54 mal gespielt
  • Das Durchschnittsergebnis liegt bei 17 aus 47
Antwortstatistiken
Punkte Vereine % Korrekt
789 Hannover Indians
79%
893 Hannover Scorpions
74%
489 Rostock Piranhas
68%
946 Tilburg Trappers
68%
107 Bietigheim Steelers
62%
748 Icefighters Leipzig
62%
800 Saale Bulls Halle
55%
468 Starbulls Rosenheim
53%
291 EV Füssen
51%
513 Füchse Duisburg
51%
196 Bayreuth Tigers
49%
626 Blue Devils Weiden
49%
527 Crocodiles Hamburg
49%
379 Selber Wölfe
49%
51 Stuttgart Rebels
49%
490 Black Dragons Erfurt
47%
467 SC Riessersee
45%
223 Heilbronner Falken
45%
582 ESC Moskitos Essen
43%
252 Hammer Eisbären
43%
197 Passau Black Hawks
43%
503 Eisbären Regensburg
40%
0 Erding Gladiators
40%
425 Höchstadt Alligators
40%
600 EC Peiting
38%
441 EV Lindau
38%
656 Deggendorfer SC
36%
245 Herforder EV
36%
747 Herner EV
34%
544 Memmingen Indians
32%
326 Tölzer Löwen
32%
248 EV Landshut
28%
64 HC Landsberg Riverkings
23%
79 EHC Timmendorfer Strand 06
21%
98 Harzer Falken
21%
5 TEV Miesbach
21%
139 Krefelder EV 81
19%
129 EG Diez-Limburg Rockets
15%
56 EHC Klostersee
15%
66 Löwen Waldkraiburg
13%
88 Bären Neuwied
9%
91 ECC Preußen Berlin
9%
200 ERC Bulls Sonthofen
9%
45 FASS Berlin
9%
34 EHV Schönheider Wölfe
6%
30 Hamburger SV
6%
91 Wedemark Scorpions
6%
Keine übereinstimmenden Quizze gefunden
Verteilung der Resultate
Anzahl Personen mit jedem Resultat
Perzentil nach korrekt beantworteten Fragen
Ihre Resultats-Entwicklung
Sie haben dieses Quiz noch nicht gespielt